00242nam a2200085Ia 4500008004100000100003200041245004400073260002400117650001500141190216s9999||||xx |||||||||||||| ||und|| aGovt Of India Plannig Comm 0aNational Service Scheme Nss Manuel 1987 bGovernment Of India aReferences